| Поле | Инд. | ПП | Название | Значение |
|---|---|---|---|---|
| Тип записи | a | |||
| Библиографический уровень | a | |||
| 001 | Контрольный номер | RU/IS/BASE/264552116 | ||
| 005 | Дата корректировки | 20231225090856.6 | ||
| 008 | Кодируемые данные | 19981014 | ||
| 040 | 00 | e | Правила каталог. | Т 981014 |
| 084 | a | Индекс другой классификации/Индекс ББК | 63.3(2)2 | |
| 090 | 00 | a | Полочн. индекс | 63.3(0)3я43 |
| x | Авторский знак | В 387 | ||
| 100 | 10 | a | Автор | Бадер О. Н. |
| 245 | 00 | a | Заглавие | У истории первобытного хозяйства на Оке и в верхнем Поволжье в эпоху металла |
| 650 | 04 | a | Основная рубрика | история |
| 653 | 00 | a | Ключевые слова | археологические культуры |
| a | Ключевые слова | бронзовый век | ||
| a | Ключевые слова | городища | ||
| a | Ключевые слова | земледелие | ||
| a | Ключевые слова | исследования | ||
| a | Ключевые слова | керамика | ||
| a | Ключевые слова | могильники | ||
| a | Ключевые слова | неолитические стоянки | ||
| a | Ключевые слова | Ока | ||
| a | Ключевые слова | орудия труда | ||
| a | Ключевые слова | первобытное общество | ||
| a | Ключевые слова | первобытное хозяйство | ||
| a | Ключевые слова | Поволжье | ||
| a | Ключевые слова | поздняковская культура | ||
| a | Ключевые слова | раскопки | ||
| a | Ключевые слова | скотоводство | ||
| a | Ключевые слова | текстильная керамика | ||
| a | Ключевые слова | фатьяновская культура | ||
| 773 | 00 | d | Дата издания источника | Москва, 1939 |
| g | Прочая информация | Т.3(8), 4(9). - С. 110-123 | ||
| t | Заглавие источника | Вестник древней истории | ||
| w | Контрольный № источника | RU/IS/BASE/101818640 | ||
| 901 | t | Тип документа | a |